000
00309nam a2200121Ia 4500
005
20260328101522.0
008
260328s9999||||xx |||||||||||||| ||und||
100
_a
Jodidio, Philip
245
0
_a
Serpentine gallery pavillions /
_c
Philip Jodidio
260
_b
Taschen
650
_a
ARQUITECTURA CIVIL
942
_c
BK
999
_c
9632
_d
9632